Readings in personality assessment, (Record no. 1176)

MARC details
000 -LEADER
fixed length control field 00872nam a22002651 4500
005 - DATE AND TIME OF LATEST TRANSACTION
control field 20260322212050.0
008 - FIXED-LENGTH DATA ELEMENTS--GENERAL INFORMATION
fixed length control field data
010 ## - LIBRARY OF CONGRESS CONTROL NUMBER
LC control number 77149770
020 ## - INTERNATIONAL STANDARD BOOK NUMBER
International Standard Book Number 0471315001
020 ## - INTERNATIONAL STANDARD BOOK NUMBER
International Standard Book Number 9780471315001
049 ## - LOCAL HOLDINGS (OCLC)
Holding library ESLC
096 ## - LOCALLY ASSIGNED NLM-TYPE CALL NUMBER (OCLC)
Classification number WM 145 G629r 1971
001 - CONTROL NUMBER
control field data
100 1# - MAIN ENTRY--PERSONAL NAME
Personal name Goodstein, Leonard David.
245 10 - TITLE STATEMENT
Title Readings in personality assessment,
Statement of responsibility, etc. edited by Leonard D. Goodstein [and] Richard I. Lanyon.
260 0# - PUBLICATION, DISTRIBUTION, ETC.
Place of publication, distribution, etc. New York,
Name of publisher, distributor, etc. Wiley
Date of publication, distribution, etc. [1971]
300 ## - PHYSICAL DESCRIPTION
Extent xiii, 792 p.
Other physical details illus.
Dimensions 24 cm.
500 ## - GENERAL NOTE
General note "Companion volume to [the authors'] textbook Personality assessment."
504 ## - BIBLIOGRAPHY, ETC. NOTE
Bibliography, etc. note Bibliography: p. 709-772.
590 ## - LOCAL NOTE (RLIN)
Local note "Companion volume to [the authors'] textbook Personality assessment."
590 ## - LOCAL NOTE (RLIN)
Local note Bibliography: p. 709-772.
650 #0 - SUBJECT ADDED ENTRY--TOPICAL TERM
Topical term or geographic name entry element Personality assessment.
700 1# - ADDED ENTRY--PERSONAL NAME
Personal name Lanyon, Richard I.,
Dates associated with a name 1937-
740 #1 - ADDED ENTRY--UNCONTROLLED RELATED/ANALYTICAL TITLE
Uncontrolled related/analytical title Personality assessment.
Holdings
Withdrawn status Lost status Damaged status Not for loan Home library Current library Shelving location Date acquired Total checkouts Full call number Barcode Date last seen Price effective from Koha item type
        Pleasant Valley Pleasant Valley General stacks 22/03/2026   GEN BC0011214 22/03/2026 22/03/2026 Books